|
|
|
|
| LEADER |
00000nas a2200000 4500 |
| 001 |
ssj0000756 |
| 003 |
WaSeSS |
| 005 |
20200512172242.0 |
| 006 |
m d |
| 007 |
cr n |
| 008 |
740712d19591998coumr p s 0 a0eng c |
| 010 |
|
|
|a 58024546
|z sc 78002144
|
| 016 |
7 |
|
|a 7083-X
|2 DE-600
|
| 016 |
7 |
|
|a 9875814
|2 DNLM
|
| 016 |
7 |
|
|a D01480000
|2 DNLM
|
| 022 |
|
|
|l 0011-6963
|y 0011-6963
|
| 030 |
|
|
|a DTMNAT
|
| 032 |
|
|
|a 508290
|b USPS
|
| 035 |
|
|
|a (WaSeSS)ssj0000756
|
| 040 |
|
|
|a CSU
|b eng
|c CSU
|d NSD
|d DLC
|d NSD
|d DLC
|d NSD
|d DLC
|d RCS
|d DLC
|d AIP
|d OCL
|d NSD
|d AIP
|d OCL
|d AIP
|d DLC
|d AIP
|d NST
|d HUL
|d NST
|d NSD
|d TJC
|d NLM
|d OCLCQ
|d DLC
|d NLGGC
|d OCLCQ
|d GEBAY
|d DEBBG
|d OCLCF
|d OCLCO
|d M6U
|d W2U
|d J3G
|d OCLCO
|d GILDS
|d OCLCO
|d GZM
|d OCLCO
|d CPO
|d OCLCO
|d OCLCQ
|d DCHUA
|d OCLCA
|d OCLCQ
|d WaSeSS
|
| 042 |
|
|
|a nsdp
|a pcc
|
| 050 |
0 |
0 |
|a T175
|b .M26
|
| 082 |
0 |
4 |
|a 607/.2
|2 19
|
| 210 |
0 |
|
|a Datamation
|
| 222 |
|
0 |
|a Datamation
|
| 245 |
0 |
0 |
|a Datamation
|h [electronic resource].
|
| 260 |
|
|
|a [Highlands Ranch, Colo., etc.],
|b [Cahners Pub. Co., etc.]
|
| 310 |
|
|
|a Monthly,
|b <Nov. 1996>-1998
|
| 321 |
|
|
|a Frequency varies,
|b 1959-<Jan. 1996>
|
| 362 |
0 |
|
|a v. 5, no. 3-v. 44, no. 2; May/June 1959-Feb. 1998.
|
| 506 |
|
|
|a License restrictions may limit access.
|
| 580 |
|
|
|a Issued only in an online version after Feb. 1998.
|
| 650 |
|
0 |
|a Research, Industrial
|v Periodicals.
|
| 650 |
|
0 |
|a Engineering
|x Research
|v Periodicals.
|
| 650 |
|
0 |
|a Electronic data processing
|v Periodicals.
|
| 650 |
|
0 |
|a Automation
|v Periodicals.
|
| 650 |
|
0 |
|a Computers
|v Periodicals.
|
| 650 |
|
2 |
|a Computers
|x electronic data processing.
|
| 650 |
|
7 |
|a Automation.
|2 fast
|0 (OCoLC)fst00822786
|
| 650 |
|
7 |
|a Computers.
|2 fast
|0 (OCoLC)fst00872776
|
| 650 |
|
7 |
|a Electronic data processing.
|2 fast
|0 (OCoLC)fst00906956
|
| 650 |
|
7 |
|a Engineering
|x Research.
|2 fast
|0 (OCoLC)fst00910387
|
| 650 |
|
7 |
|a Research, Industrial.
|2 fast
|0 (OCoLC)fst01095378
|
| 650 |
1 |
7 |
|a Informatiesystemen.
|2 gtt
|
| 650 |
1 |
7 |
|a Regeltechniek.
|2 gtt
|
| 650 |
|
7 |
|a Computer
|2 gnd
|
| 650 |
|
7 |
|a Zeitschrift
|2 gnd
|
| 650 |
|
7 |
|a Datenverarbeitung
|2 gnd
|
| 650 |
0 |
7 |
|a Computer.
|2 swd
|
| 650 |
0 |
7 |
|a Datenverarbeitung.
|2 swd
|
| 650 |
0 |
7 |
|a Zeitschrift.
|2 swd
|
| 653 |
|
|
|a Titles of journals.
|
| 655 |
|
0 |
|a Electronic journals.
|
| 775 |
1 |
|
|t Datamation (International ed.)
|x 1062-8363
|w (DLC)sn 92004070
|w (OCoLC)25762312
|
| 780 |
0 |
0 |
|t Magazine of datamation
|w (DLC)sf 83008031
|w (OCoLC)945015
|
| 785 |
1 |
0 |
|t Datamation (Online)
|w (OCoLC)38907675
|
| 850 |
|
|
|a AzTeS
|a CaOPAL
|a CoU
|a DLC
|a FU
|a MBCo
|a MH-C
|a MH-GM
|a MH-SD
|a MnU
|a NcD
|a NcRS
|a NcU
|a NjR
|a P
|a PPiD
|
| 856 |
4 |
0 |
|z Full text available from Research Library: 01/01/1996 to 02/28/1998
|u https://search.proquest.com/publication/41116
|